000
00228 a2200097 4500
001
45144
100
_a
Haddon J.D
245
_a
An introduction to aeronautical engg
260
_a
London
_b
Isaac Pitman
_c
090
_c
28346
_d
28346
942
_a
NUST-CAE
_c
M
_c
20387
999
_c
280217
_d
280217